Click the Correct Project SEKAI April Fools 2025 Team - Statistics

General Stats
  • This quiz has been taken 6 times
  • The average score is 15 of 26
Answer Stats
Hint Answer % Correct
Haruka Kiritani HopeHope♡Heart
83%
Megurine Luka (Stage) HopeHope♡Heart
83%
Hatsune Miku (Wonderland) Tensho Sentai ZOO RANGER!
83%
An Shiraishi FOW
67%
MEIKO (Street) FOW
67%
Emu Otori HopeHope♡Heart
67%
Saki Tenma HopeHope♡Heart
67%
Tsukasa Tenma Tensho Sentai ZOO RANGER!
67%
Minori Hanasato Tensho Sentai ZOO RANGER!
67%
Mafuyu Asahina Tensho Sentai ZOO RANGER!
67%
Shiho Hinomori CBNEL
50%
Kohane Azusawa CBNEL
50%
Nene Kusanagi CBNEL
50%
Ena Shinonome CBNEL
50%
Kagamine Len (Empty) CBNEL
50%
Airi Momoi Devoted Evil
50%
Honami Mochizuki Devoted Evil
50%
Toya Aoyagi Devoted Evil
50%
KAITO (School) Devoted Evil
50%
Shizuku Hinomori FOW
50%
Mizuki Akiyama FOW
50%
Ichika Hoshino Fussy Eaters
50%
Rui Kamishiro Fussy Eaters
50%
Kagamine Rin (Empty) Fussy Eaters
50%
Akito Shinonome Tensho Sentai ZOO RANGER!
50%
Kanade Yoisaki Fussy Eaters
33%
No matching quizzes found
Score Distribution
Percent of People with Each Score
Percentile by Number Answered
Your Score History
You have not taken this quiz